[Event "Champions Showdown Kings Blitz 2019-E"]
[Site "Saint Louis"]
[Date "2019.02.22"]
[Round "8"]
[White "Shankland, Samuel"]
[Black "Rapport, Richard"]
[Result "1/2-1/2"]
[WhiteElo "2731"]
[BlackElo "2735"]
[Annotator "ChessBase"]
[PlyCount "112"]
[EventDate "2019.02.09"]
[EventType "match"]
[EventCountry "USA"]
[SourceTitle "playchess.com"]
[Source "ChessBase"]
[SourceQuality "1"]
[TimeControl "900+10"]

1. d4 {[%emt 0:12:06]} Nf6 2. c4 g6 {[%emt 0:12:15]} 3. Nc3 {[%emt 0:00:19]} Bg7 {[%emt 0:00:09]} 4. e4 {[%emt 0:00:08]} d6 {[%emt 0:00:09]} 5. f3 {[%emt 0:00:10]} c6 {[%emt 0:00:12]} 6. Be3 {[%emt 0:00:15]} a6 {[%emt 0:00:09]} 7. c5 {[%emt 0:00:09]} O-O {[%emt 0:00:11]} 8. Nge2 {[%emt 0:00:11]} b5 {[%emt 0:00:09]} 9. cxd6 {[%emt 0:00:13]} exd6 {[%emt 0:00:09]} 10. Nf4 {[%emt 0:00:13]} Nbd7 {[%emt 0:00:12]} 11. Be2 {[%emt 0:00:10]} Re8 {[%emt 0:00:11]} 12. Qd2 {[%emt 0:00:10]} Nb6 {[%emt 0:00:13]} 13. O-O {[%emt 0:00:13]} Bb7 {[%emt 0:00:16]} 14. b3 {[%emt 0:00:11]} Qe7 {[%emt 0:00:30]} 15. Bf2 {[%emt 0:00:26]} Qf8 {[%emt 0:00:12]} 16. a4 {[%emt 0:00:16]} b4 {[%emt 0:00:11]} 17. Nd1 {[%emt 0:00:12]} a5 {[%emt 0:00:09]} 18. Nb2 {[%emt 0:00:11]} Nfd7 {[%emt 0:00:16]} 19. Rac1 {[%emt 0:00:11]} Rac8 {[%emt 0:00:14]} 20. Rfd1 {[%emt 0:00:20]} Red8 {[%emt 0:00:21]} 21. Bh4 {[%emt 0:00:16]} Re8 {[%emt 0:00:09]} 22. Bg3 {[%emt 0:00:16]} Nf6 {[%emt 0:00:11]} 23. Bf2 {[%emt 0:00:24]} Nfd7 {[%emt 0:00:09]} 24. Be3 {[%emt 0:00:09]} Nf6 {[%emt 0:00:10]} 25. Nbd3 {[%emt 0:00:16]} Nfd7 {[%emt 0:00:12]} 26. h4 {[%emt 0:00:13]} c5 {[%emt 0:00:24]} 27. Nb2 {[%emt 0:00:10]} cxd4 {[%emt 0:00:10]} 28. Bxd4 {[%emt 0:00:09]} Nc5 {[%emt 0:00:17]} 29. Qe3 {[%emt 0:00:26]} Bh6 {[%emt 0:00:21]} 30. Bxc5 {[%emt 0:00:39]} Rxc5 {[%emt 0:00:11]} 31. Rxc5 {[%emt 0:00:09]} dxc5 {[%emt 0:00:09]} 32. Bc4 {[%emt 0:00:19]} Rd8 {[%emt 0:00:20]} 33. Rxd8 Qxd8 34. g3 {[%emt 0:00:40]} Bg7 {[%emt 0:00:23]} 35. e5 {[%emt 0:00:12]} Qd4 {[%emt 0:00:20]} 36. Qxd4 {[%emt 0:00:10]} cxd4 {[%emt 0:00:09]} 37. e6 {[%emt 0:00:16]} Nxc4 {[%emt 0:00:25]} 38. exf7+ {[%emt 0:00:14]} Kxf7 {[%emt 0:00:14]} 39. Nxc4 {[%emt 0:00:09]} Bxf3 {[%emt 0:00:10]} 40. Nxa5 {[%emt 0:00:09]} Bd1 {[%emt 0:00:13]} 41. Kf2 {[%emt 0:00:12]} h6 {[%emt 0:00:23]} 42. Ke1 {[%emt 0:00:09]} Bf3 {[%emt 0:00:12]} 43. Nc4 {[%emt 0:00:18]} g5 {[%emt 0:00:11]} 44. hxg5 {[%emt 0:00:09]} hxg5 {[%emt 0:00:09]} 45. Nd3 {[%emt 0:00:09]} Ke6 {[%emt 0:00:11]} 46. Nxb4 {[%emt 0:00:11]} Bf8 {[%emt 0:00:11]} 47. Nd3 {[%emt 0:00:09]} Be4 {[%emt 0:00:15]} 48. Kd2 {[%emt 0:00:10]} Kd7 {[%emt 0:00:14]} 49. a5 {[%emt 0:00:10]} Kc7 {[%emt 0:00:10]} 50. b4 {[%emt 0:00:10]} Kc6 {[%emt 0:00:10]} 51. a6 {[%emt 0:00:16]} Kb5 {[%emt 0:00:09]} 52. Nce5 {[%emt 0:00:11]} Kxa6 {[%emt 0:00:13]} 53. Nd7 {[%emt 0:00:09]} Bxd3 {[%emt 0:00:13]} 54. Kxd3 {[%emt 0:00:10]} Bxb4 {[%emt 0:00:09]} 55. Kxd4 {[%emt 0:00:08]} g4 {[%emt 0:00:10]} 56. Ne5 {[%emt 0:00:09]} Be1 1/2-1/2

[Event "Champions Showdown Kings Blitz 2019-E"]
[Site "Saint Louis"]
[Date "2019.02.22"]
[Round "9"]
[White "Rapport, Richard"]
[Black "Shankland, Samuel"]
[Result "1/2-1/2"]
[WhiteElo "2735"]
[BlackElo "2731"]
[Annotator "TA"]
[PlyCount "80"]
[EventDate "2019.02.09"]
[EventType "match"]
[EventCountry "USA"]
[SourceTitle "playchess.com"]
[Source "ChessBase"]
[SourceQuality "1"]

{[%evp 9,80,0,0,-16,-9,-11,-9,-16,-11,-20,-12,-13,0,-36,-35,-48,-43,-54,-42,-36,-46,-44,-46,-75,-62,-104,-84,-104,-39,-95,-70,-70,-29,-34,-12,-49,-63,-81,-20,-54,-62,-55,-51,-53,151,158,159,144,181,63,71,-2,94,95,100,109,110,116,156,95,119,120,79,105,145,81,74,8,8,0,0,0,0]} 1. Nf3 d5 2. d4 Nf6 3. c3 e6 4. Nbd2 c5 5. e3 b6 (5... Nbd7 6. Bd3 b6 7. Qe2 Bb7 8. O-O Be7 9. b3 O-O 10. Bb2 Rc8 11. Rac1 Bd6 12. c4 cxd4 13. exd4 Qe7 14. Ne5 Ba3 15. Bxa3 Qxa3 {½-½ (44) Kramnik,V (2777)-Ding,L (2813) Wijk aan Zee 2019}) 6. Ne5 {D05: Colle System with ...e6} Bd6 7. Bd3 Bb7 8. O-O O-O (8... Nbd7 {looks sharper.} 9. f4 Rc8 10. b3 cxd4 11. cxd4 O-O) 9. b3 Nbd7 10. f4 Ne4 11. Bxe4 $146 ({Predecessor:} 11. Bb2 f6 12. Ng4 Qe8 13. Rf3 Qg6 14. Bxe4 dxe4 {0-1 (41) Velasco,L (1845)-Romero,D (1834) Puerto Boyaca 2012}) 11... dxe4 12. Bb2 cxd4 13. exd4 f6 $36 {[%mdl 2048] Black has good play.} 14. Nec4 Be7 15. Ne3 f5 16. c4 Bf6 17. Qc2 Qe7 18. Rad1 Rfd8 (18... g5 $17 19. fxg5 Bxg5) 19. Kh1 (19. Nb1 $15) 19... g6 20. Nb1 {[%cal Bd2b1,Bb1c3,Bc3d5][%mdl 32]} Rac8 21. Nc3 a6 22. d5 Nc5 23. dxe6 Qxe6 (23... Nd3 $17 24. Ba1 Qxe6) 24. Ncd5 Bxb2 25. Qxb2 Nd3 26. Qd4 b5 $2 {[#]} (26... Rd6 $15 {keeps the upper hand.}) 27. g4 $1 $16 {[%cal Rg4f5][%mdl 512] Hoping for gxf5.} bxc4 ({Don't blunder} 27... fxg4 $2 28. f5 $18) 28. bxc4 {Threatens to win with gxf5.} Bxd5 ({Avoid the trap} 28... fxg4 $2 29. f5 $18) 29. Nxd5 (29. cxd5 $18 {Strongly threatening Qxd3.} Qe7 30. gxf5) 29... fxg4 30. Rd2 ({Better is} 30. Rb1 $16 Nc5 31. Nf6+ Kf7 32. Nd5) 30... Kf7 (30... Nb4 $11 {remains equal.} 31. Re1 Nxd5 32. cxd5 Qf7) 31. Re2 Rxc4 32. Qxc4 {aiming for Ne3.} Qxd5 33. Rxe4 h5 {[#]} 34. f5 ({White should try} 34. Kg1 $1) 34... Qxc4 35. fxg6+ Kxg6 36. Rxc4 {KRR-KRN} Ne5 37. Ra4 ({White should play} 37. Rc5 Nf3 38. Rb1) 37... Nf3 {[#] Threatening ...Rd2.} 38. Rxa6+ (38. Kg2 $1 $16) 38... Kg5 $11 {White should prevent ...Rd2.The position is equal.} 39. Ra3 Rd2 {[%csl Gf3][%cal Rd2h2]} 40. Raxf3 ({But not} 40. Ra5+ Kh4 $17) 40... gxf3 {Accuracy: White = 32%, Black = 41%.} 1/2-1/2

[Event "Champions Showdown Kings Blitz 2019-E"]
[Site "Saint Louis"]
[Date "2019.02.23"]
[Round "10"]
[White "Shankland, Samuel"]
[Black "Rapport, Richard"]
[Result "0-1"]
[WhiteElo "2731"]
[BlackElo "2735"]
[Annotator "TA"]
[PlyCount "56"]
[EventDate "2019.02.09"]
[EventType "match"]
[EventCountry "USA"]
[SourceTitle "playchess.com"]
[Source "ChessBase"]
[SourceQuality "1"]

{[%evp 9,56,23,48,54,37,33,66,58,59,54,65,23,27,12,6,0,0,-33,-21,-55,-55,-62,-55,-119,-127,-119,-122,-131,-134,-134,-129,-152,-120,-124,-127,-166,-183,-402,-339,-496,-448,-454,-445,-454,-437,-436,-446,-895,-880]} 1. d4 Nf6 2. c4 d6 3. Nc3 e5 4. e3 Be7 5. Nf3 Nc6 6. d5 {A28: English Opening: Four Knights Variation} Nb8 7. e4 a5 8. h3 {White is slightly better.} Na6 9. Be3 O-O 10. g4 Nd7 $146 ({Predecessor:} 10... b6 11. Be2 Kh8 12. Qc2 Ng8 13. O-O-O g6 {1-0 (74) Lubbe,N (2506)-Degtiarev,E (2411) Germany 2016}) 11. Qd2 Ndc5 12. O-O-O c6 13. Kb1 Bd7 14. Be2 cxd5 15. cxd5 b5 16. Bxc5 (16. Nxb5 $15 Nxe4 17. Qc2) 16... Nxc5 $17 17. Bxb5 Nxe4 18. Nxe4 {[#] Black must now prevent Bxd7.} Bxb5 19. Rc1 Rb8 20. Rc3 a4 21. Rhc1 Qb6 22. h4 Bd7 23. Rg1 $2 {[#]} (23. g5) 23... Rfc8 24. h5 (24. Rxc8+ $142 Rxc8 25. Ka1) 24... Rxc3 {Black is clearly winning.} 25. Nxc3 Qb4 26. Ka1 a3 27. bxa3 Qxa3 28. Ne4 (28. Qc1 $142 Qxc1+ 29. Rxc1) 28... Qxf3 {[%mdl 64] Double Attack. Accuracy: White = 24%, Black = 93%.} 0-1

[Event "Champions Showdown Kings Blitz 2019-E"]
[Site "Saint Louis"]
[Date "2019.02.22"]
[Round "11"]
[White "Rapport, Richard"]
[Black "Shankland, Samuel"]
[Result "1-0"]
[WhiteElo "2735"]
[BlackElo "2731"]
[Annotator "TA"]
[PlyCount "87"]
[EventDate "2019.02.09"]
[EventType "match"]
[EventCountry "USA"]
[SourceTitle "playchess.com"]
[Source "ChessBase"]
[SourceQuality "1"]

{[%evp 17,87,1,24,0,0,0,5,0,0,-4,0,-11,0,-8,-12,-8,-12,-19,-23,-19,-4,-25,-14,-31,0,0,0,0,0,-6,0,-2,0,0,0,0,29,13,78,7,175,164,214,218,212,179,360,360,360,360,471,478,466,270,287,277,518,518,518,518,524,515,1231,274,1187,22,1062,966,1113,1018,974,919]} 1. d4 Nf6 2. Bg5 e6 3. e3 b6 4. c3 Bb7 5. Nd2 h6 6. Bh4 c5 7. Ngf3 Be7 8. Bd3 O-O 9. O-O cxd4 10. Bxf6 {A46: 1 d4 Nf6 2 Nf3 e6: Torre, London and Colle Systems} (10. exd4 Nh5 11. Bxe7 Qxe7 12. Re1 d6 13. a4 a6 14. Qb3 Qc7 15. Ne4 Nf4 16. Bf1 Nc6 17. c4 d5 18. cxd5 Nxd5 {1-0 (63) Shimanov,A (2591)-Fedorchuk,S (2669) Wroclaw 2014}) 10... Bxf6 11. exd4 Be7 12. Qe2 {The position is equal.} d6 13. Rfe1 Nd7 14. Ba6 $146 (14. Ne4 {is interesting.} Re8 15. a4 Qc7 16. Bc2 Bc6 17. h3) ({Predecessor:} 14. Be4 Bxe4 15. Nxe4 d5 16. Ned2 a6 17. a4 Qb8 {1-0 (71) Sergeev,V (2434)-Cvek,R (2498) Czechia 2006}) 14... Qc8 15. Bxb7 Qxb7 16. a4 a6 17. Nf1 b5 18. Ne3 Nf6 19. Nd2 d5 20. Qd3 bxa4 21. Rxa4 Rfc8 22. Ra2 a5 23. Rea1 Nd7 24. b3 Bd8 25. g3 Rab8 26. c4 dxc4 27. bxc4 Qc7 (27... Nf6 $11 {remains equal.}) 28. Ne4 (28. Rxa5 $16 {White wants to play Ra7.} Qxa5 29. Rxa5 Bxa5 30. Nf3) 28... Rb4 $2 {[#]} (28... Qc6 $11) 29. Rxa5 $18 Qxa5 30. Rxa5 Bxa5 31. c5 {[%cal Bc4c5,Bc5c6][%mdl 32]} Ra8 $2 (31... Rbb8 {was worth a try.} 32. Qa3 Ra8) 32. c6 Nb6 33. Nd6 Rd8 34. Nb7 $1 {[%csl LRa5,LRd8]} Rdxd4 35. Qa6 (35. Qc2 $142) 35... Rb1+ 36. Kg2 Be1 $2 (36... Bd2) 37. c7 Rd2 38. Nc4 Rxf2+ 39. Kh3 Nc8 (39... Nxc4 $142 40. Qxc4 Rbb2 41. c8=Q+ Kh7 42. Qe4+ g6) 40. Qa8 $2 (40. Nbd6 Kh7 41. Qxc8) 40... Rb5 $2 (40... Kh7 41. Nc5 Rc1) 41. Qxc8+ Kh7 {( -> ...Rh5+)} 42. Qd8 {White is clearly winning.} Rh5+ {[#]} 43. Qh4 $1 {[%cal Rh4h5][%mdl 576] Promotion} Rxh4+ 44. gxh4 {Accuracy: White = 57%, Black = 39%.} 1-0

[Event "Champions Showdown Kings Blitz 2019-E"]
[Site "Saint Louis"]
[Date "2019.02.22"]
[Round "12"]
[White "Shankland, Samuel"]
[Black "Rapport, Richard"]
[Result "1-0"]
[WhiteElo "2731"]
[BlackElo "2735"]
[Annotator "TA"]
[PlyCount "133"]
[EventDate "2019.02.09"]
[EventType "match"]
[EventCountry "USA"]
[SourceTitle "playchess.com"]
[Source "ChessBase"]
[SourceQuality "1"]

{[%evp 12,133,10,0,0,0,1,0,19,0,8,0,0,0,10,0,0,-20,0,0,0,-19,0,-13,-19,-37,-29,-45,-10,-11,-27,-41,-33,-35,28,22,36,38,55,47,96,88,108,110,127,113,113,118,134,99,114,107,106,106,115,82,117,122,118,110,170,143,789,797,751,314,506,516,514,491,497,497,606,612,611,610,520,410,598,325,325,325,325,310,310,310,311,310,294,158,335,158,166,166,183,0,0,0,8,0,156,156,390,389,390,390,29977,29978,29974,9257,29979,6291,5600,4656,1766,431,607,424,29975,29977,29986,29978,29978,29978]} 1. d4 Nf6 2. c4 d6 3. Nf3 Nc6 4. d5 Ne5 5. Nxe5 dxe5 6. Nc3 e6 7. e4 Bc5 {A41: 1 d4 d6: Tartakower System and Modern Defence} (7... Bd7 8. Be2 exd5 9. cxd5 Bd6 10. Qb3 Qc8 11. Bg5 Be7 12. Rc1 O-O 13. O-O c6 14. Be3 Qb8 15. dxc6 Bxc6 {1-0 (38) Rusev,K (2543)-Kosanovic,D (2324) Sunny Beach 2010}) 8. Bd3 O-O 9. O-O h6 $146 {The position is equal.} ({Predecessor:} 9... a6 10. Kh1 exd5 11. Nxd5 Ng4 {0-1 (33) Ramirez,H (2200)-Alonso,F (2090) Los Angeles 2006}) 10. Rb1 exd5 11. cxd5 c6 12. dxc6 bxc6 13. Qc2 Qe7 14. Bd2 Be6 15. b3 Rfd8 {Hoping for ...Qd6.} 16. Be2 Bd4 17. Na4 c5 18. Bc3 Rac8 19. Ba6 Rb8 (19... Rc6 $5 {[%cal Rc6a6]} 20. Bxd4 Rxd4 $15) 20. Bxd4 cxd4 21. Qc5 Qd6 22. Bd3 Qxc5 ({Black should try} 22... Rbc8 $15 23. Qxd6 Rxd6) 23. Nxc5 $11 Bc8 24. Rfc1 g5 25. b4 {[%cal Bb3b4,Bb4b5][%mdl 32]} Rd6 26. b5 Nd7 27. a4 {[%cal Ba2a4,Ba4a5][%mdl 32]} Kg7 28. f3 Nf8 29. a5 h5 30. Kf2 h4 31. Bc4 Ng6 32. Nd3 Bd7 33. Ke1 g4 {[#]} 34. fxg4 $1 Bxg4 35. Kd2 f5 (35... Bc8 $16 {was worth a try.}) 36. Bd5 {Strongly threatening h3.} Rxd5 $4 {[%mdl 8192]} (36... h3 $16) 37. exd5 $18 e4 38. Nc5 (38. b6 $142 axb6 39. Rxb6) 38... e3+ $2 (38... Nf4 39. Ne6+ Nxe6 40. dxe6 f4) 39. Kd3 Nf4+ 40. Kxd4 Ne2+ 41. Kxe3 Nxc1 42. Rxc1 Rxb5 {[%mdl 4096] Endgame KRB-KRN} 43. d6 Kf6 44. d7 Ke7 (44... f4+ {is a better defense.} 45. Kd4 (45. Kxf4 Rb4+ 46. Ne4+ Ke7 $18) 45... Bxd7 46. Nxd7+ Ke6 47. Nc5+ Kf5) 45. h3 f4+ 46. Kxf4 {Re1+ would kill now.} Bxd7 47. Re1+ Kd6 48. Nxd7 Kxd7 {KR-KR} 49. Re5 Rb2 50. Rg5 (50. Rh5 $18) 50... Ke6 $2 (50... Ra2 $16 51. Kg4 Ra4+ 52. Kh5 Kd6) 51. Rg7 (51. Rg4 $18 {and White stays clearly on top.}) 51... Kf6 52. Rxa7 {Threatens to win with a6.} Rxg2 53. Rh7 $2 ({White should play} 53. Ra6+ $18 Ke7 54. Rh6) 53... Kg6 $1 $11 {[%cal Rg6h7]} 54. Rh8 {White wants to mate with Rg8+.} Ra2 55. Ra8 {aiming for a6.} Ra3 $2 ({Better is} 55... Ra4+ $11 56. Ke5 Kf7) 56. a6 $16 {And now Ke4 would win.} Kg7 $2 (56... Kf6 $16 57. a7 Ra4+ 58. Ke3 Kg7) 57. Kg4 Ra4+ 58. Kg5 Kh7 $2 {[#]} (58... Kf7 $18 59. Kh6 Kf6) 59. Ra7+ $1 Kg8 60. Kf6 (60. Kg6 $142 Kf8 61. Rf7+ Kg8 62. Rg7+ Kf8 63. a7 Ra5 64. Rd7 Ra6+ 65. Kh7) 60... Rf4+ 61. Ke5 (61. Kg6 $142 Kf8 62. Ra8+ Ke7 63. a7 Ra4 64. Rg8 Ra6+ 65. Kh7 Ra4 66. a8=Q Rxa8 67. Rxa8) 61... Ra4 $18 62. Kd5 Ra3 63. Kc4 Ra1 (63... Ra5 $142 64. Ra8+ Kf7) 64. Kb5 Ra3 (64... Rb1+ $18 65. Kc5 Rc1+ 66. Kb6 Rb1+ 67. Kc5 Ra1) 65. Rb7 {White mates.} Rb3+ 66. Kc4 Rxh3 67. a7 {Accuracy: White = 52%, Black = 35%.} 1-0

[Event "Champions Showdown Kings Blitz 2019-E"]
[Site "Saint Louis"]
[Date "2019.02.22"]
[Round "13"]
[White "Rapport, Richard"]
[Black "Shankland, Samuel"]
[Result "1-0"]
[WhiteElo "2735"]
[BlackElo "2731"]
[Annotator "TA"]
[PlyCount "54"]
[EventDate "2019.02.09"]
[EventType "match"]
[EventCountry "USA"]
[SourceTitle "playchess.com"]
[Source "ChessBase"]
[SourceQuality "1"]

{[%evp 10,54,12,4,23,19,39,21,24,24,27,23,27,28,41,53,110,110,108,103,114,77,204,110,161,159,172,170,275,277,276,243,386,381,399,392,608,615,863,579,840,581,573,590,573,580,575]} 1. d4 Nf6 2. Bg5 e6 3. Nd2 h6 4. Bh4 Be7 (4... c5 5. e4 cxd4 6. e5 g5 7. Bg3 Nd5 8. h4 Nc6 9. hxg5 Qxg5 10. Ngf3 Qd8 11. Bc4 d6 12. Bxd5 exd5 {1-0 (27) Vitiugov,N (2734)-Hou,Y (2658) Belokurikha 2018}) 5. e4 d6 6. Bd3 {LiveBook: 4 Games. A45: Trompowsky Attack} Nbd7 {[%cal Bb8d7,Bd7f8,Bf8g6][%mdl 32]} 7. Ne2 Nf8 $146 ({Predecessor:} 7... e5 8. c3 c6 9. O-O g5 10. Bg3 Qc7 11. f3 Nh5 12. Nc4 Rg8 13. Ne3 Ndf6 {0-1 (13) Bentivegna,F (2361)-Shytaj,L (2472) Rijeka 2010}) 8. f3 {White is slightly better.} Ng6 9. Bf2 e5 10. O-O O-O 11. c3 d5 12. exd5 Nxd5 {[#]} (12... exd4 $14 13. c4 (13. Bxd4 Nxd5 14. Bxg6 fxg6 $11) (13. Nxd4 Nxd5 14. Bxg6 fxg6 $14) 13... Ne5) 13. Bxg6 $1 $16 fxg6 14. dxe5 g5 15. Ne4 Bf5 (15... g4 $16) 16. N4g3 ({White should play} 16. Qb3 $18 c6 17. Qxb7) 16... Bg6 {[#]} (16... c5 $16) 17. Qb3 $1 $18 c6 18. Qxb7 Kh7 (18... Qc8 {was called for.} 19. Qxc8 Raxc8) 19. Qxc6 Rc8 20. Qa4 Nb6 (20... Qc7 $142 21. Rfe1 Qxe5 22. Qxa7 Qf6) 21. Qxa7 Nc4 22. Rad1 Qe8 (22... Qc7 $142 23. Rd7 Qxa7 24. Bxa7 Bc5+ 25. Bxc5 Rxc5) 23. Rd7 {White is clearly winning.} Bd8 24. Rxg7+ Kh8 25. e6 {[%cal Be5e6,Be6e7][%mdl 32] Black must now prevent Nh5.} Bf6 26. Bd4 {aiming for Nh5!} Ne5 27. e7 Bxg7 {Precision: White = 35%, Black = 27%.} 1-0

[Event "Champions Showdown Kings Blitz 2019-E"]
[Site "Saint Louis"]
[Date "2019.02.24"]
[Round "14"]
[White "Shankland, Samuel"]
[Black "Rapport, Richard"]
[Result "0-1"]
[WhiteElo "2731"]
[BlackElo "2735"]
[Annotator "TA"]
[PlyCount "94"]
[EventDate "2019.02.09"]
[EventType "match"]
[EventCountry "USA"]
[SourceTitle "playchess.com"]
[Source "ChessBase"]
[SourceQuality "1"]

{[%evp 9,94,26,77,36,54,54,43,0,15,8,12,5,24,-1,0,0,0,0,0,-14,-12,0,0,0,-1,-12,0,0,0,-4,-4,-4,-8,-12,-6,-46,-54,-61,-52,-83,-94,-77,-31,-89,-87,-114,-117,-121,-47,-55,-57,-58,-55,-85,-87,-167,-155,-807,-68,-61,-72,-135,-110,-126,-136,-132,-74,-208,-206,-199,-202,-214,-175,-191,-150,-270,-205,-860,-63,-120,-91,-175,-82,-441,-416,-589,-394]} 1. d4 e6 2. c4 f5 3. e3 Nf6 4. Bd3 Bb4+ 5. Nd2 c5 $146 (5... b6 $11 {remains equal.}) ({Predecessor:} 5... O-O 6. a3 Bxd2+ 7. Bxd2 d6 8. Qc2 Nc6 9. Ne2 Qe8 10. Bc3 Kh8 11. O-O Qg6 12. f3 {1-0 (41) Granda Zuniga,J (2628)-Glek,I (2512) El Sauzal 2008}) 6. Ngf3 {A84: Dutch Defence: 2 c4 Miscellaneous} (6. a3 $5 {[%cal Ra3b4]} Bxd2+ 7. Bxd2 $14) 6... O-O 7. O-O b6 8. d5 {White is slightly better.} Bxd2 9. Nxd2 exd5 10. cxd5 d6 11. e4 Ba6 12. Bxa6 Nxa6 {[%cal Bb8a6,Ba6b4,Bb4d3][%mdl 32]} 13. exf5 Qd7 14. Nc4 Qxf5 15. Nxd6 Qxd5 16. Bf4 Nb4 17. Qe2 Nh5 18. Be5 {[#] Threatens to win with Rad1.} Nd3 19. Rad1 Nhf4 $40 {[%mdl 128] Black mounts an attack.} 20. Bxf4 $1 Nxf4 {[%csl Gf4][%cal Rd5g2]} 21. Qg4 Qxa2 22. Nf5 {[%csl Gf5][%cal Rg4g7]} Ng6 23. Rd7 Rf7 24. Rxf7 Qxf7 25. Nd6 Qb3 26. h4 (26. Nc8 $15) 26... Rf8 $17 27. h5 Ne5 28. Qe4 Qe6 (28... Qxb2 $17 29. Nf5 Kh8) 29. Nb5 Qf5 30. Qd5+ Kh8 31. Nd6 Qf6 32. f4 (32. f3 $17) 32... Ng4 $19 33. Re1 $2 (33. Rf3 $17) 33... Qd4+ $2 (33... Qxf4 $19 {[%csl Gg4][%cal Rf4h2]} 34. Nf7+ Rxf7 35. Re8+ Rf8 36. Rxf8+ Qxf8) 34. Qxd4 $15 cxd4 {[%mdl 4096] Endgame KRN-KRN} 35. Re7 (35. g3 $142) 35... d3 $17 36. Ne4 Rd8 37. Kf1 Nf6 (37... Kg8 $142 {Strongly threatening ...d2.} 38. Nc3 Rd4) 38. Nd2 (38. Ke1 $17) 38... Nxh5 $19 39. Rxa7 Nxf4 40. Kf2 Re8 41. Kf3 Ng6 42. Nc4 (42. Ra4 $17 {might work better.}) 42... h6 43. Nxb6 $2 (43. Rd7) 43... Rd8 $2 (43... d2 $19 44. Ra1 Re1 45. Ra8+ Kh7) 44. Ra1 ({White should try} 44. Ra8 $15 Nh4+ 45. Ke3 Nxg2+ 46. Kd2 Rxa8 47. Nxa8) 44... Ne5+ 45. Ke4 {[#]} (45. Ke3 $17) 45... d2 (45... Ng4 $1 $19 {is more deadly. And now ...d2 would win.} 46. Kf3 Rd4) 46. Nd5 $2 {[%mdl 8192]} (46. Rd1 $17 Ng4 47. Kf3) 46... Nc4 47. b3 (47. b4 {keeps fighting.} Re8+ 48. Kd4) 47... Nb2 {Accuracy: White = 23%, Black = 57%.} 0-1

[Event "Champions Showdown Kings Blitz 2019-E"]
[Site "Saint Louis"]
[Date "2019.02.22"]
[Round "15"]
[White "Rapport, Richard"]
[Black "Shankland, Samuel"]
[Result "1-0"]
[WhiteElo "2735"]
[BlackElo "2731"]
[Annotator "TA"]
[PlyCount "55"]
[EventDate "2019.02.09"]
[EventType "match"]
[EventCountry "USA"]
[SourceTitle "playchess.com"]
[Source "ChessBase"]
[SourceQuality "1"]

{[%evp 9,55,-6,2,0,0,0,0,0,-6,-145,-146,-104,-33,-109,-31,-107,-95,-257,-258,-265,-272,-239,-226,-264,-253,-544,-204,-208,-48,-41,-41,-40,-43,-39,-49,-93,-111,-135,-35,-54,364,365,578,556,550,547,545,536]} 1. d4 d5 2. Bg5 f6 3. Bf4 Nc6 4. Bg3 (4. e3 e5 5. Bg3 exd4 6. exd4 h5 7. h3 Bd6 8. Bxd6 Qxd6 9. c3 {½-½ (9) Sedlak,N (2547)-Miladinovic,I (2535) Montenegro 2017}) 4... Nh6 5. e3 Nf5 6. c4 {D00: 1 d4 d5: Unusual lines} e5 {[%cal Re5d4]} 7. cxd5 $146 ({Predecessor:} 7. dxe5 d4 8. exd4 Qxd4 9. Nc3 Nxg3 10. hxg3 Qxe5+ 11. Be2 Bb4 12. Rc1 Bg4 {1-0 (88) Stamenkovic,D (2423)-Hungaski,R (2379) Santos 2007}) 7... Qxd5 8. Nc3 {The position is equal.} Bb4 {[%cal Re5d4]} 9. a3 (9. dxe5 $11 {keeps the balance.} Qxd1+ 10. Rxd1) 9... Bxc3+ $1 $17 10. bxc3 Be6 (10... h5 $17 {Threatens to win with ...h4.} 11. h3 Be6) 11. Nf3 (11. Qc2 $15) 11... O-O-O (11... Qa5 $1 $17 {[%cal Ra5c3]} 12. Qd2 e4) 12. Be2 (12. dxe5 $15 Qa5 13. Qc2) 12... h5 $36 {[%mdl 2048] And now ...h4 would win. Black has strong initiative.} 13. dxe5 $2 (13. O-O $17 {is a better defense.}) 13... Qa5 $19 (13... fxe5 14. Qxd5 Bxd5 15. Nh4 $11) (13... Nxe5 14. Bxe5 fxe5 15. Qxd5 $16) 14. Qc2 h4 (14... fxe5 15. Rb1 $11) (14... Nxe5 15. Bxe5 fxe5 16. Ng5 $14) 15. Bf4 {[#]} g5 $1 {[%cal Rg5f4][%mdl 64] Overworked Piece} ({Stronger than} 15... fxe5 16. Bg5 $11) (15... Nxe5 16. Bxe5 fxe5 17. Ng5 $16) 16. Bxg5 fxg5 17. Nxg5 $2 {[#]} (17. O-O {was the only chance.} Bd7 18. Rfd1 Nxe5 19. c4 Nxf3+ 20. Bxf3) 17... Qxe5 $2 (17... Nfd4 $1 {[%mdl 512]} 18. Qb2 (18. exd4 $2 Nxd4 19. Qb2 Nxe2 $19) 18... Nxe2 19. Nxe6 Nxe5) 18. Nxe6 Nxe3 $2 (18... Qxe6 $19 19. Bg4 Rhf8) 19. fxe3 $15 Qxe6 20. O-O $1 Qxe3+ 21. Kh1 Kb8 22. Bg4 Ne5 23. Bh3 Nd3 ({Better is} 23... a5 $17 24. Rab1 Rhf8) 24. Bf5 {Hoping for Rf3.} a6 $2 {[%mdl 8192]} (24... Nc5 $1 $15 {keeps the upper hand.} 25. Qf2 Rde8) 25. Rf3 $18 Qe1+ (25... Qc5 $142 26. Bxd3 Rhe8) 26. Rxe1 {White is clearly winning.} Nxe1 27. Qb1 Nxf3 28. Be4 {Accuracy: White = 28%, Black = 36%.} 1-0